[Event "Hoogeveen Essent Crown 10th"]
[Site "Hoogeveen"]
[Date "2006.10.23"]
[Round "2"]
[White "Polgar, Judit"]
[Black "Topalov, Veselin"]
[Result "1-0"]
[WhiteElo "2710"]
[BlackElo "2813"]
[Annotator "Ftacnik,L"]
[PlyCount "77"]
[EventDate "2006.10.22"]
[EventType "tourn"]
[EventRounds "6"]
[EventCountry "NED"]
[EventCategory "20"]
[SourceTitle "CBM 115"]
[Source "ChessBase"]
[SourceDate "2006.11.15"]
[SourceVersion "1"]
[SourceVersionDate "2006.11.15"]
[SourceQuality "1"]

1. e4 c5 2. Nf3 d6 3. d4 cxd4 4. Nxd4 Nf6 5. Nc3 a6 6. Be3 e6 7. g4 h6 8. Bg2
g5 9. Qe2 Nbd7 10. O-O-O Ne5 11. h3 Nfd7 {Topalov is avoiding natural moves
like 11...Qc7 or Bd7, since he might have been worried about White's idea
connected with Nf3 without f2-f4. The defensive setup is very firm, but not
without weak spots.} (11... Qc7 12. Nf3 $5 (12. f4 gxf4 13. Bxf4 Be7 (13... b5
14. Qf2 Nfd7 15. Kb1 Bb7 16. Rhe1 Be7 17. Nce2 O-O-O 18. Bc1 Nc5 19. Nf4 Ng6
20. Nxg6 fxg6 21. Qf7 $11 {1/2 Shirov,A (2710)-Sax,G (2565)/Germany 1992/ (62)}
) 14. Kb1 Bd7 15. Rhf1 O-O-O 16. Rf2 Kb8 17. Qf1 Be8 18. Nce2 Nfd7 {0-1
Bologan,V (2651)-Timofeev,A (2320)/Moscow 2002/ (49)}) 12... Bd7 (12... Ng6 13.
h4 $1 Nxg4 14. hxg5 Bd7 15. Bd2 O-O-O 16. Nd4 Bg7 17. Qxg4 Bxd4 18. gxh6 Ne5
19. Qe2 Nc4 20. Rh3 Nxd2 21. Qxd2 $16 {1/2 Svidler,P (2660)-Leko,P (2635)/
Tilburg 1997/ (39)}) 13. Nxe5 dxe5 14. h4 Rg8 15. hxg5 hxg5 16. Qf3 Rg6 $14 {
1/2 Spasov,V (2543)-Kanep,M (2452)/Plovdiv 2003/ (28)}) (11... Bd7 12. f4 (12.
Nf3 Qa5 13. Kb1 Be7 14. Nxe5 dxe5 15. h4 Rg8 16. hxg5 hxg5 17. Rh6 Bc6 18. Qf3
Nd7 19. Rh7 Nf6 20. Rh6 Nd7 $11 {1-0 Adams,M (2716)-Sokolov,I (2624)/Sarajevo
1999/ (32)}) 12... gxf4 13. Bxf4 Rc8 14. Rhf1 b5 (14... Be7 15. Nb3 b5 16. a3
Qc7 17. Kb1 Nc4 18. Rd3 a5 19. g5 hxg5 20. Bxg5 Ng8 $13 {1-0 Shirov,A (2710)
-Sokolov,A (2623)/Germany 2005/ (40)}) 15. Nf3 Nc4 16. e5 Qa5 $1 17. exf6 $2 (
17. Nd4 $8 $13) 17... Qb4 18. Rd3 Qxb2+ 19. Kd1 Qa1+ 20. Bc1 Nb2+ 21. Kd2 Nc4+
22. Kd1 d5 {0-1 Haznedaroglu,K (2440)-Navara,D (2647)/Warsaw 2005/ (33)}) 12.
f4 gxf4 13. Bxf4 b5 (13... Ng6 14. Bg3 h5 15. gxh5 Qg5+ 16. Kb1 Qxg3 $2 (16...
Qxh5) (16... Nge5 $5) 17. hxg6 Qxg6 18. Nf5 $1 $16 {1-0 Joachim,S (2443)
-Boensch,U (2542)/Germany 2002/ (92)}) 14. Rhf1 (14. Nf3 Qc7 15. Nxe5 Nxe5 16.
Rd4 Bb7 17. Rhd1 Be7 18. Kb1 Rc8 19. Qf2 Qc5 20. Bf1 Rh7 21. Be3 Qc6 {1/2
Labunskiy,D (2340)-Anikaev,Y (2445)/Vladivostok 1990/ (56)}) (14. Qf2 Bb7 15.
Nce2 Qa5 16. Kb1 O-O-O 17. Nb3 Qc7 18. Bd2 Nb6 19. Ba5 Nec4 20. Rhf1 Rd7 21.
Nf4 $11 {1-0 Dlugosz,J (2177)-Jablonski,W (2042)/Wisla 2000/ (42)}) 14... Bb7 (
14... b4 $5 {The first independ move by the fresh exchampion might be
criticized. Polgar would face bigger questions after the immediate 14...b4!?
since the knight is lacking the square for the natural reatreat.} 15. Nb1 (15.
Nd5 $5 exd5 16. exd5 Qc7 $13) 15... Qa5 16. Qf2 Rh7 (16... Qxa2 $2 17. Bxe5
Nxe5 18. Nc6 $16) 17. a3 bxa3 18. Nxa3 Rb8 19. Bd2 Qa4 20. Bc3 Be7 21. Nb3 Qc6
22. Qd4 $11 {1-0 Charochkina,D (2183)-Voicu,C (2310)/Chisinau 2005/ (41)}) 15.
Qf2 Rc8 16. Nce2 Bg7 (16... h5 $5 17. gxh5 (17. g5 Be7 18. g6 Nxg6 19. Bxd6 O-O
$14) 17... Qc7 (17... Rxh5 $2 18. Nxe6 $1 fxe6 19. Bxe5 Qg5+ 20. Bf4 $16) 18.
Ng3 $14) 17. Ng3 Rh7 18. Nh5 Bh8 19. Kb1 Nc5 $6 (19... Qb6 $5 20. Bg3 Nc4 21.
Bh4 b4 $13) 20. Bg3 $2 {Weak moment for both excellent player as they were
ignoring a great tactical shot for the attacking side.} (20. Nf5 $1 exf5 (20...
Rc6 21. Nfg7+ $1 Bxg7 22. Nxg7+ Rxg7 23. Bxe5 Rh7 24. Qg3 $18) (20... Nc4 21.
Bxd6 exf5 22. Bxc5 Qc7 23. Bd4 $18) 21. Bxe5 Bxe5 22. Qxf5 Qg5 23. Qxh7 Qg6 24.
Qxg6 fxg6 25. Nf4 $16) 20... Nxe4 21. Bxe4 Bxe4 22. Bh4 Qc7 (22... Qa5 $5 23.
Bf6 Bg6 24. Bxh8 Rxh8 25. Nf6+ Kd8 26. Nf5 $14) 23. Bf6 $1 {[%mdl 128] Judit
is trying to win both battles. A strategical one for the f6 square and
consequently a tactical one hunting down the black king.} Bg6 (23... Bb7 24.
Bxh8 Rxh8 25. Ng7+ Kd7 (25... Kd8 26. Ndxe6+ $18) 26. Qxf7+ $1 Nxf7 27. Rxf7+
Kd8 28. Ndxe6#) 24. Bxh8 Rxh8 (24... Bxh5 25. Bxe5 dxe5 26. Nxe6 Qc6 (26... Qc4
27. Nd4 Bg6 28. Rfe1 Qc7 29. Rd2 $16) 27. Nd4 exd4 28. gxh5 Rg7 29. Rxd4 $18)
25. Nf6+ Kd8 26. h4 Qc5 {It seems that Veselin was not able to stop White's
advance, enemy's pieces would manage to get into his position anyway.} (26...
h5 27. Qd2 $5 (27. gxh5 Bxh5 28. Nxh5 Rxh5 29. Rg1 Rh7 (29... Qe7 30. Nf3 $1 d5
$13) 30. Rg5 Ke7 $14) 27... hxg4 28. Qg5 Bxc2+ 29. Ka1 Nf3 30. Nxf3 Qe7 31. Ne5
Bxd1 32. Nxf7+ Qxf7 33. Nd5+ Ke8 34. Rxf7 $18) 27. h5 Bh7 28. Qh4 $1 Bxc2+ (
28... Kc7 29. Nxh7 Rxh7 30. Rxf7+ $1 Rxf7 31. Nxe6+ $18) 29. Nxc2 $6 {Polgar
must have been very happy about the position, she somewhat loses her
concentration. Much easier was the simple king retreat and Black would have
been doomed.} (29. Ka1 $1 Kc7 (29... Bxd1 30. Nd5+ $18) (29... Qa7 30. Ne4+ Qe7
31. Nxe6+ fxe6 32. Rxd6+ Ke8 (32... Nd7 33. Rf7 Qxh4 34. Rdxd7+ Ke8 35. Nd6#)
33. Nf6+ Kf8 34. Nd5+ $18) 30. Nxc2 Qxc2 31. Rc1 $18) 29... Qxc2+ 30. Ka1 Rc4 (
30... Ke7 31. Nd5+ Kf8 32. Qf6 Rh7 33. Qe7+ Kg7 (33... Kg8 34. Nf6+ Kh8 35.
Nxh7 Kxh7 36. Qxd6 Nc4 37. Qd4 $16) 34. g5 $1 exd5 35. g6 $16) (30... Rc6 31.
Nd5+ Kd7 32. Qe7+ Kc8 33. Nb4 Rc7 34. Qxd6 $16) 31. Ne4+ Kc7 (31... Ke8 32.
Nxd6+ Kf8 33. Nxc4 $18) 32. Nxd6 Rf4 (32... Rc5 33. Qe7+ Kb6 34. Qb7+ Ka5 35.
Qa7 $1 $18) 33. Qe7+ Kb6 34. Qb7+ Ka5 (34... Kc5 35. Qc7+ Nc6 36. Nb7+ $18) 35.
Qa7 $1 {A fine move that aquares the black king on the annatural spot a5.} b4 (
35... Rxf1 36. Nb7+ Kb4 (36... Ka4 37. Qxa6+ Kb4 38. Qa3+ Kc4 39. Nd6#) 37.
Qd4+ Nc4 (37... Qc4 38. Qd6+ $18) 38. Qc5+ Ka4 39. b3+ $18) 36. Rfe1 Nf3 37.
Rc1 (37. Nb7+ Kb5 38. Rd6 $18) 37... Nxe1 38. Rxc2 Nxc2+ 39. Kb1 {A truly
imaginative attack by Judit!} (39. Kb1 Nd4 40. Nb7+ Kb5 41. Qc5+ Ka4 42. Qa5#)
1-0

[Event "Julian Borowski-B 4th"]
[Site "Essen"]
[Date "2002.05.16"]
[Round "1"]
[White "Naiditsch, Arkadij"]
[Black "Tischbierek, Raj"]
[Result "1-0"]
[WhiteElo "2557"]
[BlackElo "2540"]
[Annotator "Ftacnik,L"]
[PlyCount "81"]
[EventDate "2002.05.16"]
[EventType "tourn"]
[EventRounds "9"]
[EventCountry "GER"]
[EventCategory "16"]
[SourceTitle "CBM 090"]
[Source "ChessBase"]
[SourceDate "2002.09.20"]
[SourceVersion "1"]
[SourceVersionDate "2002.09.20"]
[SourceQuality "1"]

1. e4 c5 2. Nf3 d6 3. d4 cxd4 4. Nxd4 Nf6 5. Nc3 e6 6. g4 h6 7. h3 Nc6 8. Be3
a6 9. Bg2 Ne5 10. Qe2 g5 11. f4 gxf4 12. Bxf4 Qc7 (12... Bd7 13. O-O-O (13. Nf3
Qc7 14. O-O Be7 15. Nxe5 dxe5 16. Be3 h5 17. g5 Nh7 18. Rxf7 Bxg5 19. Rg7 Bxe3+
20. Qxe3 O-O-O 21. Rf1 {1-0 Madl,I-Kerek,K/Budapest 1997/ (67)}) 13... Rc8 14.
Rhf1 (14. Nf3 Rxc3 15. Nxe5 dxe5 16. Bxe5 Rc5 17. Rxd7 Qxd7 18. Bxf6 Rg8 19.
Rd1 Qc7 20. Rd8+ Qxd8 21. Bxd8 Kxd8 22. Qd3+ Kc8 23. e5 {1-0 Fontaine,R-Quinn,
M/York 2000/ (59)}) 14... Be7 15. Qf2 Rxc3 16. bxc3 Qa5 17. Kb1 Nc4 18. Bc1 Bb5
19. Nb3 Qxc3 20. Qd4 Qb4 21. Rxf6 {Wallace,JP-Allen,A/AUS-ch op Melbourne/1993/
1-0}) 13. O-O-O (13. Qf2 Nfd7 14. O-O b5 15. a4 b4 16. Nce2 h5 17. g5 Nc5 18.
Bd2 Rb8 19. b3 Bg7 20. Qe3 Qb6 21. Rad1 Ng6 22. Be1 Nd7 23. Bf2 Qc7 24. Rd2
Nde5 25. Rc1 Qe7 26. c3 {1-0 Zulfugaryi,M-Maherramzade,J/Baku 1998/ (40)})
13... b5 (13... Be7 14. Kb1 Bd7 15. Rhf1 O-O-O 16. Rf2 Kb8 17. Qf1 Be8 18. Nce2
Nfd7 19. b3 Bh4 20. Ng3 Ng6 21. Nf3 Be7 22. Be3 Nc5 23. Ng1 Bh4 {0-1 Bologan,
V-Timofeev,A/Moscow 2002/ (49)}) (13... Bd7 14. Rhf1 (14. Nf3 O-O-O (14... Be7
15. Qf2 Bc6 16. Nxe5 dxe5 17. Be3 Nd7 18. h4 Bb4 19. Rd3 Bb5 20. Nxb5 axb5 21.
a3 Bc5 22. Rhd1 Bxe3+ 23. Qxe3 Nb6 24. Qf2 b4 25. Qf6 bxa3 26. bxa3 Rg8 {
1/2-1/2 Movsesian,S-Stocek,J/CZE 1997/ (65)}) (14... Rc8 15. Nxe5 dxe5 16. Be3
Ba3 17. Rd3 Be7 18. Rf1 b5 19. Qf2 Rh7 20. g5 hxg5 21. Bxg5 Nh5 22. Bxe7 Kxe7
23. Qh4+ f6 24. Bf3 {1-0 Varitski,I-Truskavetsky,A/Sevastopol 2000/ (54)}) 15.
Qf2 Be7 16. Qa7 (16. Nxe5 dxe5 17. Be3 Be8 18. Bb6 {1-0 Movsesian,S-Mirumian,V/
Zagan 1997/ (18)}) 16... Nxf3 17. Bxf3 Bc6 18. Rd3 Nd7 19. Rhd1 Ne5 20. Bxe5
dxe5 21. Nd5 exd5 22. exd5 e4 23. dxc6 Rxd3 24. cxb7+ Kd7 25. Rxd3+ exd3 26.
Qd4+ Bd6 27. Qxd3 Qa5 {0-1 Velimirovic,D-Ilincic,Z/Novi Sad 1995/ (45)}) 14...
Be7 15. Nf3 Bc6 16. Nxe5 dxe5 17. Be3 Nd7 18. Qf2 f6 19. Rd3 Qa5 20. a3 Bc5 21.
Kb1 Bxe3 22. Qxe3 Qc5 23. Qd2 Qe7 24. Qe3 Qc5 25. Qd2 {1/2-1/2 Prasad,
D-Sundararajan,K/Raipur/2002/ (25)}) 14. a3 (14. g5 hxg5 15. Bxg5 Nh5 16. Qf2
Be7 17. h4 Bb7 18. Kb1 Nf6 19. Bxf6 Ng4 20. Qe2 Nxf6 21. e5 dxe5 22. Bxb7 Qxb7
23. Qxe5 O-O-O {1/2-1/2 Lutz,C-Stohl,I/Germany 2002/ (23)}) (14. Qf2 Nfd7 15.
Kb1 Bb7 16. Rhe1 Be7 17. Nce2 O-O-O 18. Bc1 Nc5 19. Nf4 Ng6 20. Nxg6 fxg6 21.
Qf7 e5 22. Ne6 Nxe6 23. Qxe6+ Kb8 24. Qxg6 {1/2-1/2 Shirov,A-Sax,G/Germany
1993/ (62)}) (14. Nb1 Bb7 15. Nd2 Rc8 16. Bg3 Be7 17. Kb1 Nfd7 18. Rhf1 h5 19.
gxh5 Nf6 20. N2f3 Nc4 21. Ng5 Nxb2 22. Kxb2 Qc3+ 23. Kb1 Qxg3 {0-1 Gdanski,
J-Adorjan,A/Debrecen/1992/ (31)}) (14. Rhf1 Be7 15. Qf2 Bb7 16. Kb1 O-O-O {
1/2-1/2 Fercec,N-Stohl,I/Pula 2000/ (16)}) 14... Be7 15. Rhf1 Bb7 16. Kb1 O-O-O
17. Nf3 Nfd7 (17... Nc4 18. Rd3 Kb8 19. Rfd1 $14) (17... Nxf3 18. Qxf3 Ne8 19.
Rd3 $16) 18. Nxe5 dxe5 (18... Nxe5 $2 19. Bxe5 dxe5 20. Rxf7 $18) 19. Be3 f6 (
19... Rh7 20. Qf2 $14) 20. a4 $1 {[%mdl 32] White admitts, that he can make no
progress on the kingside, so he switches attantion to the opposite flank.} b4 (
20... bxa4 $2 21. Nxa4 Qc6 22. b3 $16) 21. Na2 Kb8 (21... Qc6 22. a5 (22. b3 a5
23. Nc1 Nc5 $11) 22... Kb8 23. Bd2 Qa4 24. Nxb4 Bxb4 25. Qc4 Rc8 26. Qxb4 Qxc2+
27. Ka2 Rc4 28. Rc1 Rxb4 29. Rxc2 Ra4+ 30. Kb3 Bxe4 $15) (21... a5 22. c3 $16)
22. c3 $1 bxc3 (22... Qa5 23. Qc4 (23. Qc2 Bc6 24. b3 bxc3 25. Qxc3 Qxc3 26.
Nxc3 h5 $11) 23... Qxa4 24. Qxe6 (24. Nxb4 Nc5 $11) 24... b3 25. Nc1 Bc5 26.
Rfe1 Bxe4+ 27. Bxe4 Qxe4+ 28. Rd3 Bxe3 29. Rexe3 Qa4 30. Rd6 $16) 23. Nxc3 Rc8
(23... Bc5 24. Bxc5 Qxc5 25. Rd2 $14) 24. Bf2 h5 $6 {Tischbierek is looking
for some counterplay, but opening up of the position only simplifies the task
for white pieces.} (24... Nc5 $5) 25. gxh5 f5 26. Rc1 (26. Rg1 Rh7 27. exf5
exf5 28. Nd5 $16) 26... Bg5 27. Rc2 (27. Be3 Bxe3 28. Qxe3 Rxh5 $11) 27... Qc4
28. Qd1 (28. Qxc4 Rxc4 29. Rd1 Nf6 $14) 28... Rc7 29. Rg1 Bf6 30. exf5 Bxg2 31.
Rxg2 (31. fxe6 $2 Bxh3 32. exd7 Bf5 33. Qf3 $11) 31... exf5 32. Bg1 (32. Be3
Qe6 33. Nd5 $16) 32... Rhc8 (32... Qe6 33. Rgd2 Be7 34. Nd5 Rb7 35. Nxe7 Qxe7
36. Rd6 $18) 33. Nb5 $1 {Clever way of punishing black for all his positional
sins, white pieces are gaining access to the black's king.} (33. Nd5 Qxc2+ 34.
Qxc2 Rxc2 35. Rxc2 Bg5 36. h4 $16) 33... axb5 (33... Qe6 34. Nxc7 Rxc7 35. Rxc7
Kxc7 36. Rc2+ Kd8 37. h6 $18) (33... Qxc2+ 34. Rxc2 axb5 (34... Rxc2 35. Qd6+
$18) 35. Qd6 Be7 36. Ba7+ Kb7 37. Rxc7+ Rxc7 38. Qxe7 $18) 34. Rxc4 bxc4 35.
Rd2 Nc5 (35... c3 36. bxc3 Rb7+ 37. Ka2 Rcc7 38. h6 $18) 36. Rd6 (36. Bxc5 Rxc5
37. Rd7 R5c6 38. Rf7 $18) 36... Ne4 $6 (36... Be7 37. Bxc5 Rxc5 38. Rd7 $18)
37. Rb6+ Rb7 (37... Ka8 38. Qd5+ Ka7 39. Qa5#) 38. Rxb7+ Kxb7 39. Qd7+ Rc7 40.
Qxf5 Nd2+ 41. Kc2 1-0

[Event "Sofia MTel Masters 5th"]
[Site "Sofia"]
[Date "2009.05.21"]
[Round "8"]
[White "Dominguez Perez, Leinier"]
[Black "Topalov, Veselin"]
[Result "1/2-1/2"]
[WhiteElo "2717"]
[BlackElo "2812"]
[Annotator "Ftacnik,L"]
[PlyCount "86"]
[EventDate "2009.05.13"]
[EventType "tourn"]
[EventRounds "10"]
[EventCountry "BUL"]
[EventCategory "21"]
[SourceTitle "CBM 131"]
[Source "ChessBase"]
[SourceDate "2009.07.15"]
[SourceVersion "1"]
[SourceVersionDate "2009.07.15"]
[SourceQuality "1"]

1. e4 c5 2. Nf3 d6 3. d4 cxd4 4. Nxd4 Nf6 5. Nc3 a6 6. h3 e6 7. g4 Be7 8. Bg2
Nfd7 {The smart retreat of the knight from the f6-square steals the momentum
from White's kingside set up. Black controls the d8-h4 diagonal, prepares Nc6
and gradual counterplay.} 9. Be3 (9. O-O Nc6 10. Be3 O-O 11. f4 (11. a4 Nde5
12. Qe2 Nxd4 13. Bxd4 Nc6 14. Be3 Bd7 15. f4 Rc8 16. Kh1 Qc7 17. g5 Rfe8 18.
Qf2 f6 19. h4 Rf8 $11 {1-0 Hou,Y (2549)-Ding Yixin (2292)/Beijing 2008 (37)})
11... Nxd4 12. Bxd4 b5 13. e5 d5 14. Qd2 b4 15. Ne2 Qc7 16. Rae1 Bb7 17. Ng3
Rac8 18. Rf2 Bh4 19. Kh2 a5 20. g5 Nc5 $15 {1/2-1/2 Miranda Mesa,E (2321)
-Quesada Perez,Y (2402)/Havana 2009 (39)}) 9... Nc6 (9... Ne5 10. b3 Bd7 11.
Qd2 Qa5 12. O-O O-O 13. Nd5 Qd8 14. Nxe7+ Qxe7 15. Rad1 Rd8 16. f4 Nec6 17. Ne2
Be8 18. Bb6 Rd7 19. Ng3 $16 {1-0 Walek,M (2315)-Fiala,J (2255)/Prerov 1995 (39)
}) 10. Qd2 {Dominguez feels, that his queen will be more useful controlling
dark squares despite the coming Nde5. Too many of the white pawns and pieces
are already firing away at light squares!} (10. Qe2 Nxd4 (10... O-O 11. O-O-O (
11. O-O Qc7 12. Rfd1 Nce5 13. Bc1 Re8 14. a4 Bf8 15. Qd2 b6 16. b3 Bb7 17. Bb2
Rad8 18. Qf4 Ng6 19. Qg3 Be7 $11 {0-1 Lopez Martinez,J (2505)-Grigoriants,S 
(2539)/Stepanakert 2005 (49)}) 11... Nxd4 12. Bxd4 b5 13. e5 d5 14. f4 Bb7 15.
Qe3 b4 16. Ne2 a5 17. Kb1 a4 18. f5 b3 19. cxb3 axb3 {1/2-1/2 Vuckovic,B (2572)
-Zivkovic,V (2413)/Banja Vrucica 2009 (52)}) (10... Qc7 11. O-O-O Rb8 12. f4
O-O 13. g5 Nxd4 14. Rxd4 b5 15. Kb1 Nb6 16. Rf1 e5 17. Rd3 Be6 18. f5 Bc4 19.
f6 Bd8 20. Qh5 {1-0 Pirttimaki,T (2244)-Mavritchev,J/Helsinki 2002 (27)}) 11.
Bxd4 O-O 12. O-O b5 13. e5 d5 14. a3 Qc7 15. f4 Bc5 16. Qe3 Bxd4 17. Qxd4 Bb7
18. Rae1 Rac8 19. Rf2 Qb6 20. Qxb6 Nxb6 $11 {0-1 Hou,Y (2590)-Wang Hao (2696)/
Xinghua Jiangsu 2009 (59)}) (10. Nce2 h5 11. gxh5 Qa5+ 12. c3 Qxh5 13. Qd2 Nde5
14. b3 Nxd4 15. Nxd4 g5 16. Rg1 Bd7 17. f3 b5 18. O-O-O Rc8 19. Kb2 $11 {
1-0 Ljubojevic,L (2615)-Ivanovic,B (2440)/Zagreb 1977 (43)}) 10... Nde5 11. b3
(11. Nxc6 bxc6 12. b3 Ng6 $13) 11... Nxd4 12. Bxd4 (12. Qxd4 Nc6 13. Qd2 b5 $13
) 12... O-O 13. O-O-O {White players have lost the feeling of trepidation when
castling long. Despite the somewhat exposed structure with the b2-b3 move, it
fits in perfectly with the main strategy.} (13. f4 Bh4+ $11) 13... b5 (13...
Nc6 14. Be3 b5 15. f4 Bd7 $13) 14. Ne2 Bb7 15. f4 Ng6 {The hard working
Topalov is looking for new ways not only in his home laboratory, but also at
the chessboard. Much more natural would seem to be the retreat 15...Nc6 with a
tempo, but the knight on g6 has a clear mission.} (15... Nc6 16. Bb2 (16. Be3
a5 $132) 16... a5 17. h4 a4 18. h5 Qa5 $11) 16. Rhf1 (16. f5 $2 Nh4 $1 $17)
16... e5 17. Be3 (17. fxe5 dxe5 18. Be3 Qxd2+ 19. Rxd2 Rad8 $11) 17... exf4 {
Veselin is a very active, tactical player, but the risk connected with the
wildly original location of the knight on h4 was too high for his positional
taste.} (17... a5 $5 18. f5 Nh4 19. Bh1 a4 $13) 18. Nxf4 Ne5 (18... Rc8 19. Kb1
Nxf4 20. Bxf4 Qc7 21. Rf2 $14) 19. Kb1 Rc8 20. Nd5 Bxd5 21. exd5 $6 {Leinier
recaptures with the pawn; in my opinion it can not be praised as a smart
solution. Black would have to work harder to equalise after 21.Qxd5!} (21. Qxd5
$1 Qa5 22. Qd2 (22. Rf2 Bh4 23. Re2 Nc4 24. bxc4 Qb4+ $11) 22... Qc7 23. g5 $14
) 21... Bh4 22. g5 Re8 23. Bf3 (23. Qc1 Ng6 24. Rd4 Re5 25. Re4 Qe7 $15) 23...
g6 (23... Qe7 24. Bf4 Nxf3 25. Rxf3 Qe2 $11) 24. Bg4 $6 (24. Be2 Qe7 25. Bf4
Rc5 $11) 24... Rc7 $2 {The last two moves represent a true mystery in this
game. Both very strong players must have been deluded into judging the last
two moves in a far from objective light. Topalov had to take the brave bishop
on g4 and attack the g5-pawn, rather than sacrifice the exchange for some
nebulous positional compensation.} (24... Nxg4 $1 25. hxg4 Re5 26. Qd4 (26. Bd4
Bxg5 (26... Rxd5 27. Qh2 Bxg5 28. Qg2 $14) 27. Qh2 Re7 (27... Re8 $2 28. Rxf7
$1 $18) 28. Bf6 Bxf6 29. Rxf6 Re5 30. Rdf1 Rc7 $17) 26... Bxg5 27. Bxg5 Qxg5
28. Qa7 Rf8 29. Qxa6 Rxd5 30. Rxd5 Qxd5 31. a4 bxa4 32. Qxa4 $15) 25. Bb6 $1
Qb8 26. Bxc7 Qxc7 27. Be2 Qd8 28. Rg1 Qb6 {Black has a perfect, unassailable
knight on e5 and good control of the dark squares. Unfortunately, in return
for the exchange he can not claim even the compensation of a single pawn.} 29.
Qf4 (29. Rg2 Bf2 30. h4 Be3 (30... Bxh4 31. Qf4 $18) 31. Qb4 $16) 29... Bf2 30.
Rg2 Be3 31. Qe4 Re7 (31... Kf8 32. Qb4 Bc5 33. Qe1 Be3 34. h4 $16) 32. Qb4 (32.
h4 Qc5 33. c3 Qxc3 34. Bxb5 axb5 35. Rc2 Nc4 36. Qxc4 Qxc4 37. bxc4 $16) 32...
Rc7 33. h4 $1 {Dominguez needs to open up the file to gain access to the black
king.} Bc5 34. Qe4 (34. Qf4 Be3 (34... Qa5 35. Qf6 Rd7 36. h5 $18) 35. Qe4 (35.
Qf6 Qc5 36. Bd3 Bd4 $14) 35... Qc5 36. a3 $16) 34... Qa5 35. Rg3 $1 (35. Qf4
Bb4 $1 $132) 35... Bf2 36. Rh3 h5 $1 37. gxh6 $2 {White was tempted by the
fact, that in few moves the access to the black king will become open. He
clearly won the important battle, but lost the chance to score the point.} (37.
Rf1 Qd2 38. a3 $1 Bb6 (38... Bc5 39. b4 Bf2 40. Rd1 $18) 39. Rd1 Qa5 40. b4 Qa4
41. Rb3 a5 42. Qf4 $16) 37... f5 38. Qf4 Rxc2 $1 {This standard combination
shows some unusual flair in a very original perpetual check in one of the
lines.} 39. Kxc2 (39. a4 Rxe2 40. h5 Re1 $17) 39... Qxa2+ 40. Kc1 {White has
seen the danger of fooling around with the king and thus robbed the gallery of
the charming finish.} (40. Kc3 a5 $1 (40... Qxe2 $2 41. Qd2 $18) 41. Qxf2 b4+
42. Kd4 Qc2 43. Ke3 Qc5+ 44. Rd4 Qc1+ 45. Rd2 Qc5+ $11) 40... Qa1+ 41. Kc2 Qa2+
42. Kc1 Qa1+ 43. Kc2 Qa2+ 1/2-1/2

[Event "CUB-ch"]
[Site "Holguin"]
[Date "2002.04.06"]
[Round "6"]
[White "De la Paz Perdomo, Frank"]
[Black "Borges Matos, Juan R"]
[Result "0-1"]
[WhiteElo "2427"]
[BlackElo "2438"]
[Annotator "Ftacnik,L"]
[PlyCount "82"]
[EventDate "2002.03.31"]
[EventType "tourn"]
[EventRounds "17"]
[EventCountry "CUB"]
[EventCategory "9"]
[SourceTitle "CBM 089"]
[Source "ChessBase"]
[SourceDate "2002.08.12"]
[SourceVersion "1"]
[SourceVersionDate "2002.08.12"]
[SourceQuality "1"]

1. e4 c5 2. Nf3 d6 3. d4 cxd4 4. Nxd4 Nf6 5. Nc3 a6 6. Be3 Nc6 7. f3 e6 8. g4
h6 9. Qd2 d5 10. O-O-O dxe4 11. Qf2 Qc7 (11... Nxd4 12. Bxd4 (12. Rxd4 Bd7 13.
Nxe4 Nxe4 14. Rxe4 Rc8 $15) 12... Bd7 (12... exf3 13. Bb6 Qe7 14. Rd8+ Qxd8 15.
Bxd8 Kxd8 16. Qxf3 $14) 13. Bb6 Qb8 $11) 12. Ndb5 $5 {Very radical attempt to
prove, that black is too far behind in the development.} (12. Nxe4 Nd5 13. Nxc6
bxc6 14. Bc5 $11) 12... axb5 13. Nxb5 Qb8 (13... Qe5 14. f4 Qb8 15. Bb6 Nxg4
16. Qg3 Rxa2 17. Nc7+ Qxc7 18. Bxc7 Ra1+ 19. Kd2 e3+ 20. Kc3 Rxd1 21. Qxg4 e2
$1 22. Qxe2 Bb4+ 23. Kc4 b5+ 24. Kxb5 Nd4+ $19) 14. Bb6 Bb4 15. Kb1 (15. Nc7+
Kf8 16. Nxa8 Qxa8 $17) (15. Bc7 $2 Rxa2 16. c3 Qa8 $19) 15... Ba5 (15... Nd5
16. Rxd5 $1 exd5 17. Bc7 O-O 18. Bxb8 Rxb8 19. fxe4 $16) 16. Nc7+ Qxc7 (16...
Kf8 17. Bc5+ Kg8 18. Nxa8 Qxa8 19. h3 exf3 20. Qxf3 Bc7 $17) 17. Bxc7 Bxc7 18.
h4 Bd7 (18... exf3 19. Rg1 e5 20. g5 hxg5 21. hxg5 Nh5 22. Qxf3 Be6 $15) 19.
Bb5 O-O-O $2 (19... exf3 20. Qxf3 Ra5 $15) 20. g5 Ne8 (20... e3 21. Qxe3 Nd5
22. Qa3 $16) 21. fxe4 Nd6 22. Bd3 (22. gxh6 Nxb5 (22... gxh6 23. Bd3 $16) (
22... Rxh6 23. Bxc6 Bxc6 24. Rhg1 $14) 23. hxg7 Rhg8 24. Qxf7 $14) 22... Ne5
23. Qc5 Nxd3 24. cxd3 Bc6 25. Rc1 $2 {[%mdl 1024] Tactical oversight, that
will change the value of the position to black's favour.} (25. Rhf1 hxg5 26.
hxg5 Rh5 $14) 25... hxg5 26. Qxg5 (26. hxg5 Rxh1 27. Rxh1 Nxe4 $1 $19) 26... f5
27. Qxg7 (27. e5 Ne8 28. Rhe1 Rxd3 $11) 27... fxe4 28. dxe4 Rhg8 29. Qe5 (29.
Qe7 Rde8 30. Qf6 Bxe4+ $17) 29... Bxe4+ 30. Ka1 Bxh1 31. Qxe6+ Kb8 32. Rxh1
Rde8 33. Qd5 Nc8 34. h5 Ne7 35. Qb5 Nc6 $1 36. a3 (36. h6 Rg2 37. h7 Be5 $17)
36... Rg2 37. Rc1 Be5 $1 {Borges has cleverly regrouped his pieces against b2
pawn and white is lost.} 38. Rxc6 (38. Rb1 Rh8 39. Qc5 Rh2 $19) 38... Bxb2+ 39.
Ka2 Bxa3+ $1 40. Kxa3 Re3+ 41. Ka4 Ra2+ 0-1